Movies Quiz

Random Movies or Actor Quiz

Alliterative Film Titles Quiz Stats

 Plays Quiz Updated May 29, 2016

Challenge
Share
Tweet
Embed
Score 0/19 Timer 07:00
0 Plays Today
Letter Film % Correct
FFreaky Friday
87.4%
BBatman Begins
75.9%
W*What Women Want
70.3%
DDonnie Darko
54.5%
RRevolutionary Road
48.7%
TTropic Thunder
46.6%
MMamma Mia!
43.4%
VVictor/Victoria
38.8%
EEagle Eye
36.5%
PPicture Perfect
29%
Letter Film % Correct
HHudson Hawk
25.8%
AAir America
22%
KKing Kong
19.4%
L*Love's Labour's Lost
15.9%
SShanghai Surprise
13.2%
JJeremiah Johnson
12.5%
GGeorgy Girl
8.6%
CCaptains Courageous
7.7%
NNicholas Nickleby
3.8%

You're not logged in!

Compare scores with friends on all Sporcle quizzes.
OR
Log In

You Might Also Like...

Show Comments

Extras

Top Quizzes Today


Score Distribution

Your Account Isn't Verified!

In order to create a playlist on Sporcle, you need to verify the email address you used during registration. Go to your Sporcle Settings to finish the process.

Report this User

Report this user for behavior that violates our Community Guidelines.

Details: